Pastoral social

Shranjeno v:
Bibliografske podrobnosti
Korporativna značnica: Instituto Pastoral Apóstol Santiago (Author)
Format: Knjiga
Jezik:španščina
Izdano: Santiago INPAS 2010
Izdaja:1a. ed
Serija:Plan de Formación para Laicos. Arzobispado de Santiago. Módulo de Formación Específica
Teme:
Oznake: Označite
Brez oznak, prvi označite!

MARC

LEADER 00000cam a2200000 a 4500
001 UCF9016
003 CL-VaPUC
008 131018e20100100cl |||||||||||||||||spa|d
020 |a 9789568621377 
082 0 4 |a 268.4  |b INS  |2 21 
110 2 |a Instituto Pastoral Apóstol Santiago  |e author  |9 571164 
245 1 0 |a Pastoral social 
250 |a 1a. ed 
300 |a 76 p 
942 |c BK 
945 |d 20131018 14:00:00  |a dcastane 
260 |a Santiago  |b INPAS  |c 2010 
650 0 |a Educación religiosa   |9 308312 
650 7 |a EVANGELIZACION  |2 CL-VaPUC  |9 571165 
650 0 |a Teología pastoral   |9 257832 
583 |a last modification  |c 20131022 04:35:41  |k Rodrigo Vera 
490 0 |a Plan de Formación para Laicos. Arzobispado de Santiago. Módulo de Formación Específica 
999 |c 353502  |d 353500 
952 |0 0  |1 0  |3 erb  |4 0  |6 268_400000000000000_INS_2010  |7 0  |8 A  |9 458816  |a BIBTEO  |b BIBTEO  |d 2019-11-23  |i 5016215  |o 268.4 INS 2010  |p 5016215  |r 2025-01-17  |w 2019-11-23  |y BK  |z Catalogado en:20131018  |k ICR